| 000 | 00000nam 2200000za 4500 |
| 001 | 9.603455 |
| 003 | CaOODSP |
| 005 | 20210624211101 |
| 007 | cr ||||||||||| |
| 008 | 150406|2005||||xxc|||||o f|0| 0 fre d |
| 040 | |aCaOODSP|bfre |
| 043 | |an-cn--- |
| 086 | 1 |aBT31-4/47-2005F-PDF |
| 110 | 1 |aCanada. |bConseil du trésor. |
| 245 | 10|aSecrétariat de l'ALÉNA - rapport ministériel sur le rendement, période se terminant le 31 mars 2005 |h[ressource électronique] |
| 246 | 1 |iTitre de renvoi : |aNAFTA Secretariat, Secrétariat de l'ALÉNA, Secretariado del TLCAN - rapport ministériel sur le rendement, période se terminant le 31 mars 2005 |
| 260 | |aOttawa - Ontario : |bSecrétariat du Conseil du Trésor du Canada |c[2005]. |
| 300 | |a25p.|borganigramme, tableaux |
| 490 | 1 |aRapport sur le rendement pour la période se terminant le 31 mars 2005 |
| 500 | |a«Le présent rapport souligne le travail de la Section canadienne du Secrétariat de l'ALÉNA»--p. 3 de 25. |
| 590 | |a12-06-Supp|b2012-03-07 |
| 710 | 2 |aSecrétariat de l'ALÉNA. |bSection canadienne. |
| 775 | 08|tNAFTA Secretariat, departmental performance report for the period ending March 31, 2005 |w(CaOODSP)9.573246 |
| 776 | 0#|tNAFTA Secretariat, Canadian Section |w(CaOODSP)9.541826 |
| 776 | 0#|tSecrétariat de l'ALÉNA, section canadienne |w(CaOODSP)9.541827 |
| 830 | #0|aRapport sur le rendement pour la période se terminant le 31 mars 2005.|w(CaOODSP)9.502661 |
| 856 | 40|ahttp://publications.gc.ca|qPDF|s217 Ko|uhttps://publications.gc.ca/collections/collection_2012/sct-tbs/BT31-4-47-2005-fra.pdf |